[Event "Vezerkepzo GM October 2021"]
[Site "Budapest"]
[Date "2021.10.14"]
[Round "1.1"]
[White "Krishna C R G"]
[Black "Srihari L R"]
[Result "1/2-1/2"]
[WhiteElo "2478"]
[BlackElo "2414"]
[Annotator "ChessBase"]
[PlyCount "135"]
[EventDate "2021.10.14"]
[EventCountry "HUN"]
[SourceTitle "playchess.com"]
[Source "ChessBase"]
[SourceQuality "1"]
[TimeControl "40/5400+30:1800+30"]

1. d4 {[%emt 0:00:49]} d5 {[%emt 0:01:01]} 2. Nf3 {[%emt 0:00:41]} Nf6 {[%emt 0:00:24]} 3. c4 {[%emt 0:00:15]} e6 {[%emt 0:00:30]} 4. e3 {[%emt 0:02:20]} c5 {[%emt 0:02:44]} 5. Nc3 {[%emt 0:00:38]} Nc6 {[%emt 0:03:22]} 6. a3 {[%emt 0:00:07]} dxc4 {[%emt 0:07:33]} 7. Bxc4 {[%emt 0:00:44]} a6 {[%emt 0:00:09]} 8. O-O {[%emt 0:06:05]} b5 {[%emt 0:02:19]} 9. Ba2 {[%emt 0:05:42]} Bb7 {[%emt 0:02:18]} 10. d5 {[%emt 0:13:41]} exd5 {[%emt 0:00:49]} 11. Nxd5 {[%emt 0:00:11]} Nxd5 {[%emt 0:05:22]} 12. Bxd5 {[%emt 0:00:21]} Be7 {[%emt 0:00:10]} 13. Ne5 {[%emt 0:10:21]} Nxe5 {[%emt 0:02:06]} 14. Bxb7 {[%emt 0:00:04]} Ra7 {[%emt 0:01:05]} 15. Qxd8+ {[%emt 0:02:08]} Bxd8 {[%emt 0:00:32]} 16. Bd5 {[%emt 0:00:07]} Bf6 {[%emt 0:01:23]} 17. a4 {[%emt 0:25:01]} Rd7 {[%emt 0:11:13]} 18. e4 {[%emt 0:01:42]} O-O {[%emt 0:04:21]} 19. axb5 {[%emt 0:05:30]} axb5 {[%emt 0:00:13]} 20. Ra5 {[%emt 0:00:08]} Rb8 {[%emt 0:03:55]} 21. Bf4 {[%emt 0:08:21]} h6 {[%emt 0:08:01]} 22. b3 {[%emt 0:02:29]} c4 {[%emt 0:11:04]} 23. bxc4 {[%emt 0:01:06]} bxc4 {[%emt 0:02:42]} 24. Bxe5 {[%emt 0:00:08]} Bxe5 {[%emt 0:00:06]} 25. Bxc4 {[%emt 0:00:06]} Bd4 {[%emt 0:02:20]} 26. h4 {[%emt 0:05:18]} Re7 {[%emt 0:04:15]} 27. Bd5 {[%emt 0:03:58]} Rb2 {[%emt 0:00:56]} 28. Ra8+ {[%emt 0:01:42]} Kh7 {[%emt 0:00:28]} 29. h5 {[%emt 0:00:03]} g6 {[%emt 0:01:23]} 30. hxg6+ {[%emt 0:01:43]} Kxg6 {[%emt 0:00:08]} 31. Rg8+ {[%emt 0:00:52]} Kh7 {[%emt 0:02:44]} 32. Rg3 {[%emt 0:01:22]} Rc7 {[%emt 0:00:58]} 33. Rf3 {[%emt 0:00:04]} f6 {[%emt 0:02:41]} 34. Rd1 {[%emt 0:00:48]} Be5 {[%emt 0:00:58]} 35. g3 {[%emt 0:01:27]} Rcc2 {[%emt 0:01:21]} 36. Be6 {[%emt 0:01:17]} Rd2 {[%emt 0:01:02]} 37. Bf5+ {[%emt 0:00:20]} Kg7 {[%emt 0:02:11]} 38. Rd3 {[%emt 0:00:10]} Rxd1+ {[%emt 0:01:16]} 39. Rxd1 {[%emt 0:00:02]} Rb3 {[%emt 0:05:33]} 40. Rd7+ {[%emt 0:00:00]} Kf8 {[%emt 0:00:00]} 41. Bg4 {[%emt 0:12:47]} Rb4 {[%emt 0:05:27]} 42. Bf5 {[%emt 0:01:08]} Rb3 {[%emt 0:00:22]} 43. Kf1 {[%emt 0:03:58]} Rb1+ {[%emt 0:00:14]} 44. Ke2 {[%emt 0:00:06]} Rb2+ {[%emt 0:00:14]} 45. Kf3 {[%emt 0:00:06]} Bc3 {[%emt 0:01:19]} 46. Rd8+ {[%emt 0:13:29]} Kf7 {[%emt 0:05:03]} 47. Rd7+ {[%emt 0:00:46]} Kf8 {[%emt 0:00:23]} 48. Rd1 {[%emt 0:00:02]} Rd2 {[%emt 0:00:26]} 49. Rf1 {[%emt 0:00:05]} Bd4 {[%emt 0:00:13]} 50. Be6 {[%emt 0:01:44]} h5 {[%emt 0:01:31]} 51. Bc4 {[%emt 0:00:34]} Kg7 {[%emt 0:02:35]} 52. Be2 {[%emt 0:00:06]} Kh6 {[%emt 0:11:03]} 53. Rh1 {[%emt 0:01:21]} Kg6 {[%emt 0:02:17]} 54. Rh4 {[%emt 0:01:07]} Rb2 {[%emt 0:05:53]} 55. Rf4 {[%emt 0:00:23]} Rc2 {[%emt 0:04:31]} 56. Rf5 {[%emt 0:00:35]} Rc5 {[%emt 0:00:17]} 57. Rf4 {[%emt 0:01:44]} Rc2 {[%emt 0:00:10]} 58. Rh4 {[%emt 0:00:05]} Ra2 {[%emt 0:00:33]} 59. Rh1 {[%emt 0:00:42]} Ra1 {[%emt 0:00:59]} 60. Bd1 {[%emt 0:01:19]} Ra2 {[%emt 0:00:15]} 61. Rf1 {[%emt 0:00:24]} Kg5 {[%emt 0:00:30]} 62. Be2 {[%emt 0:00:30]} Ra1 {[%emt 0:01:52]} 63. Bd1 {[%emt 0:00:34]} Ra2 {[%emt 0:00:09]} 64. Bb3 {[%emt 0:00:32]} Ra3 {[%emt 0:01:07]} 65. Rb1 {[%emt 0:00:03]} h4 {[%emt 0:00:12]} 66. gxh4+ {[%emt 0:00:05]} Kxh4 {[%emt 0:00:49]} 67. Kg2 {[%emt 0:01:10]} Ra1 {[%emt 0:00:11]} 68. Rxa1 1/2-1/2

[Event "Vezerkepzo GM October 2021"]
[Site "Budapest"]
[Date "2021.10.14"]
[Round "1.2"]
[White "Nitish Belurkar"]
[Black "Fogarasi, Tibor"]
[Result "1-0"]
[WhiteElo "2351"]
[BlackElo "2333"]
[Annotator "NA"]
[PlyCount "49"]
[EventDate "2021.10.14"]
[EventCountry "HUN"]
[SourceTitle "playchess.com"]
[Source "ChessBase"]
[SourceQuality "1"]
[TimeControl "40/5400+30:1800+30"]

1. e4 {[%emt 0:00:35]} c5 {[%emt 0:00:46]} 2. Nf3 {[%emt 0:00:04]} e6 {[%emt 0:00:16]} 3. c3 {[%emt 0:00:05]} d5 {[%emt 0:01:18]} 4. exd5 {[%emt 0:00:06]} Qxd5 {[%emt 0:00:07]} 5. d4 {[%emt 0:00:04]} Nf6 {[%emt 0:00:25]} 6. Na3 {[%emt 0:04:08]} Qd8 {[%emt 0:03:49]} 7. Be3 {[%emt 0:04:24]} Nd5 {[%emt 0:05:19]} 8. Nc4 {[%emt 0:06:21]} cxd4 {[%emt 0:06:26]} 9. Bxd4 {[%emt 0:05:49]} Nc6 {[%emt 0:00:45]} 10. Nce5 {[%emt 0:05:12]} Bd7 {[%emt 0:16:43]} 11. Nxd7 {[%emt 0:09:02]} Qxd7 {[%emt 0:00:20]} 12. Bb5 {[%emt 0:00:24]} f6 {[%emt 0:03:15]} 13. O-O {[%emt 0:01:05]} a6 {[%emt 0:01:39]} 14. Ba4 {[%emt 0:06:48]} Be7 {[%emt 0:07:08]} 15. Qe2 {[%emt 0:06:28]} e5 {[%emt 0:09:51]} 16. Bxe5 {[%emt 0:12:00]} b5 {[%emt 0:09:25]} 17. Bb3 {[%emt 0:03:25]} fxe5 {[%emt 0:00:39]} 18. Rad1 {[%emt 0:05:04]} Nf4 {[%emt 0:01:12]} 19. Qe4 {[%emt 0:01:11]} Bd6 {[%emt 0:02:15]} 20. Nxe5 {[%emt 0:02:23]} Nxe5 {[%emt 0:00:33]} 21. Qxa8+ {[%emt 0:01:00]} Ke7 {[%emt 0:00:10]} 22. Qxh8 {[%emt 0:00:23]} Qg4 {[%emt 0:10:40]} 23. Qa8 {[%emt 0:00:26]} Bc7 {[%emt 0:02:00]} 24. Kh1 {[%emt 0:01:01]} Nfd3 {[%emt 0:03:47]} 25. Qb7 {[%emt 0:00:53]} 1-0

[Event "Vezerkepzo GM October 2021"]
[Site "Budapest"]
[Date "2021.10.14"]
[Round "1.3"]
[White "Mahitosh Dey"]
[Black "Ansat, Aldiyar"]
[Result "1/2-1/2"]
[WhiteElo "2229"]
[BlackElo "2408"]
[Annotator "TA"]
[PlyCount "72"]
[EventDate "2021.10.14"]
[EventCountry "HUN"]
[SourceTitle "playchess.com"]
[Source "ChessBase"]
[SourceQuality "1"]

{[%evp 27,72,0,0,-8,2,2,11,0,0,0,0,0,0,0,0,0,0,0,0,-8,0,0,0,-4,0,0,0,0,0,0,0,0,0,0,0,-34,0,-20,0,0,0,0,0,0,-8,-20,0]} 1. e4 c5 2. Nf3 Nc6 3. d4 cxd4 4. Nxd4 Nf6 5. Nc3 e5 6. Ndb5 d6 7. Bg5 a6 8. Na3 b5 9. Nd5 Be7 10. Bxf6 Bxf6 11. c3 O-O 12. Nc2 Be6 13. Nce3 Bg5 14. Bd3 Ne7 15. O-O {B33: Sicilian: Pelikan and Sveshnikov Variations.} Bxe3 16. Nxe3 d5 17. exd5 Nxd5 18. Nxd5 Qxd5 19. Bc2 Qc5 20. Bb3 Bc4 21. Bxc4 {[#]} Qxc4 $146 ({Predecessor:} 21... bxc4 22. Qc2 Rab8 23. b3 a5 24. Rab1 g6 25. h3 Rfc8 26. Rfc1 f5 27. Qe2 e4 {½-½ (70) Kostelnik,P (2023)-Najgebauer,S (2193) Slovakia 2011}) 22. Re1 Rad8 23. Qe2 (23. Qb3 {keeps more tension.} f6 24. Rad1 a5 25. Rxd8 Rxd8 26. Rd1) 23... Qxe2 (23... f6 {is interesting.} 24. a4 Rd7 25. axb5 axb5 26. g3 h6) 24. Rxe2 $11 {[%mdl 4096] Endgame KRR-KRR} Rd5 25. f3 Rfd8 26. Kf2 f6 27. a4 R8d7 28. axb5 axb5 29. h4 h5 30. Ra8+ Kf7 31. Ra1 Ke6 (31... b4 $5) 32. g3 {The position is equal.} Kf5 33. Ra5 R7d6 34. Ra7 g6 35. Ra5 Rc5 36. Ra8 Rcd5 {A rather calm draw.  Weighted Error Value: White=0.05/Black=0.04} 1/2-1/2

[Event "Vezerkepzo GM October 2021"]
[Site "Budapest"]
[Date "2021.10.14"]
[Round "1.4"]
[White "Sheng, Joshua"]
[Black "Galyas, Miklos"]
[Result "1-0"]
[WhiteElo "2464"]
[BlackElo "2449"]
[Annotator "ChessBase"]
[PlyCount "63"]
[EventDate "2021.10.14"]
[EventCountry "HUN"]
[SourceTitle "playchess.com"]
[Source "ChessBase"]
[SourceQuality "1"]
[TimeControl "40/5400+30:1800+30"]

1. e4 {[%emt 0:00:32]} d6 {[%emt 0:00:40]} 2. d4 {[%emt 0:00:05]} Nf6 {[%emt 0:00:09]} 3. Nc3 {[%emt 0:00:03]} g6 {[%emt 0:00:19]} 4. Be3 {[%emt 0:00:13]} a6 {[%emt 0:00:09]} 5. Qd2 {[%emt 0:02:09]} b5 {[%emt 0:01:04]} 6. f3 {[%emt 0:00:22]} Nbd7 {[%emt 0:01:12]} 7. O-O-O {[%emt 0:01:54]} Nb6 {[%emt 0:00:43]} 8. h4 {[%emt 0:02:09]} h5 {[%emt 0:03:59]} 9. Nh3 {[%emt 0:01:09]} Bxh3 {[%emt 0:02:40]} 10. Rxh3 {[%emt 0:00:04]} Bg7 {[%emt 0:12:05]} 11. Bd3 {[%emt 0:06:43]} Nfd7 {[%emt 0:07:49]} 12. f4 {[%emt 0:08:37]} b4 {[%emt 0:07:31]} 13. Nd5 {[%emt 0:03:55]} Nxd5 {[%emt 0:04:34]} 14. exd5 {[%emt 0:00:04]} Nb6 {[%emt 0:02:21]} 15. Qxb4 {[%emt 0:21:55]} Nxd5 {[%emt 0:00:19]} 16. Qc4 {[%emt 0:01:04]} e6 {[%emt 0:01:26]} 17. Be4 {[%emt 0:04:23]} Nxe3 {[%emt 0:03:59]} 18. Rxe3 {[%emt 0:02:53]} Rb8 {[%emt 0:01:18]} 19. Bc6+ {[%emt 0:11:41]} Kf8 {[%emt 0:00:20]} 20. Rb3 {[%emt 0:00:25]} Rxb3 {[%emt 0:07:42]} 21. Qxb3 {[%emt 0:00:12]} Bf6 {[%emt 0:00:33]} 22. g3 {[%emt 0:00:26]} Kg7 {[%emt 0:01:03]} 23. Qc4 {[%emt 0:02:54]} d5 {[%emt 0:00:43]} 24. Qxa6 {[%emt 0:00:51]} Qd6 {[%emt 0:00:19]} 25. Qb5 {[%emt 0:06:15]} Rc8 {[%emt 0:04:40]} 26. a4 {[%emt 0:00:40]} Qf8 {[%emt 0:01:25]} 27. a5 {[%emt 0:04:40]} Rb8 {[%emt 0:00:14]} 28. Bb7 {[%emt 0:01:12]} c6 {[%emt 0:02:13]} 29. Qxc6 {[%emt 0:02:18]} Qb4 {[%emt 0:00:40]} 30. a6 {[%emt 0:00:01]} Bxd4 {[%emt 0:01:01]} 31. Rxd4 {[%emt 0:00:06]} Qxd4 {[%emt 0:00:10]} 32. Qc3 {[%emt 0:00:01]} 1-0

[Event "Vezerkepzo GM October 2021"]
[Site "Budapest"]
[Date "2021.10.15"]
[Round "2.1"]
[White "Srihari L R"]
[Black "Seres, Lajos"]
[Result "1-0"]
[WhiteElo "2414"]
[BlackElo "2409"]
[Annotator "TA"]
[PlyCount "79"]
[EventDate "2021.10.14"]
[EventCountry "HUN"]
[SourceTitle "playchess.com"]
[Source "ChessBase"]
[SourceQuality "1"]

{[%evp 15,79,0,-8,-19,-12,-37,-20,-12,-12,-37,-27,-45,-37,-60,-12,-8,0,0,0,0,0,-4,0,0,0,0,16,0,27,-44,-70,-64,-84,-89,163,-14,0,0,0,0,292,284,218,0,402,397,356,-264,433,54,308,297,233,97,192,187,443,407,438,402,664,652,1743,780,1864,1449]} 1. Nf3 c5 2. g3 Nc6 3. Bg2 e5 4. e4 g6 5. O-O Bg7 6. c3 Nge7 7. d3 O-O 8. a3 d5 9. b4 {A04: Unusual lines after 1 Nf3 and King's Indian Attack.} b6 {[#]} 10. Qe2 $146 ({Predecessor:} 10. b5 Na5 11. exd5 Nxd5 12. Ra2 Nc7 13. Re1 Bb7 14. Rae2 Nxb5 15. Nxe5 Bxg2 16. Kxg2 Nc6 17. Nxc6 {0-1 (31) Hovhannisyan,M (2507)-Szabo,G (2524) Germany 2014}) 10... c4 11. dxc4 {The position is equal.} dxe4 12. Qxe4 Bf5 13. Qe3 Rc8 {[%mdl 1024] Black has compensation.} 14. Nh4 Be6 15. Nd2 f5 16. Nhf3 e4 17. Ng5 Bd7 {White should prevent ...h6.} 18. f3 $1 h6 19. Nh3 exf3 20. Nxf3 g5 21. Rd1 {next Ra2 is good for White.} f4 22. Qe1 (22. gxf4 $11 Nf5 23. Qd2) 22... fxg3 $15 {...g4 is the strong threat.} 23. b5 gxh2+ 24. Kh1 {[#] Threatens to win with Nhxg5.} Nb8 $2 {[%mdl 8192]} (24... Na5 25. Nfxg5 hxg5 26. Bxg5 $11) (24... Qe8 $1 $17 {stays on course. Hoping for ...Bg4.} 25. bxc6 Bxc6 26. Qe6+ Kh8 27. Nxh2 Qh5 $1) 25. Ne5 (25. Nfxg5 $1 $18 {aiming for Ne6.} Qe8 26. Ne6) 25... Bxh3 26. Bxh3 Qc7 27. Nd7 (27. Bxc8 Qxc8 28. Ra2 (28. Kxh2 $2 Bxe5+ 29. Qxe5 Rf3 $19) 28... Nf5 $15) 27... Ng6 {[%mdl 8192]} (27... Nf5 $11 28. Qe6+ {[%mdl 64] Double Attack} (28. Nxf8 $2 Ng3+ 29. Kg2 h1=Q+ 30. Qxh1 Nxh1 $19) 28... Kh8 29. Bxf5 Nxd7 30. Qxd7 Rfd8) 28. Qe6+ $18 (28. Nxf8 $6 Rxf8 29. Qe4 Kh7 $18) 28... Kh7 29. Rd6 ({White should try} 29. Be3 $18 {And now Rd6 would win.} Rf3 30. Rd6 (30. Bf5 Rxf5 31. Qxf5 Qg3 $16)) 29... Qxd6 $4 {[%mdl 8192]} 30. Qxd6 Nxd7 31. Bxd7 $4 {[%mdl 8192]} (31. Qxd7 $18 {is the narrow road to win.} Rcd8 32. Qg4 (32. Qxa7 Rd1+ 33. Kxh2 Kh8 $15)) 31... Rcd8 $4 {[%mdl 8192] [#]} (31... Rf1+ $19 {avoids the disaster.} 32. Kxh2 Rcf8 33. Qxf8 Bxf8) 32. Bxg5 $1 hxg5 $4 {[%mdl 8192]} (32... Be5 $14 33. Qe6 hxg5) 33. Qxh2+ Nh4 {[#]} 34. Rd1 (34. Qc7 $1 $18 {has better winning chances.}) 34... Rf7 (34... Rxd7 $16 35. Rxd7 (35. Qc2+ $2 Kh6 $19) 35... Rf1+ 36. Qg1 Rxg1+ 37. Kxg1 Nf3+ 38. Kg2 Ne5) 35. Qc2+ ({Inferior is} 35. Bf5+ Rxf5 36. Rxd8 Rf1+ 37. Qg1 Rxg1+ 38. Kxg1 Bxc3 $17) 35... Kh8 $2 (35... Kh6 {was worth a try.}) 36. Be6 Rxd1+ 37. Qxd1 Rf3 (37... Rf6 $142 38. Qh5+ Bh6) 38. Bd5 {White is clearly winning.} Rh3+ 39. Kg1 {Qh5+ would kill now.} Bxc3 40. Qh5+ {[%mdl 64] Double Attack.  Weighted Error Value: White=0.74/Black=1.15} 1-0

[Event "Vezerkepzo GM October 2021"]
[Site "Budapest"]
[Date "2021.10.15"]
[Round "2.2"]
[White "Galyas, Miklos"]
[Black "Pap, Misa"]
[Result "1-0"]
[WhiteElo "2449"]
[BlackElo "2397"]
[Annotator "NA"]
[PlyCount "125"]
[EventDate "2021.10.14"]
[EventCountry "HUN"]
[SourceTitle "playchess.com"]
[Source "ChessBase"]
[SourceQuality "1"]
[TimeControl "40/5400+30:1800+30"]

1. c4 {[%emt 0:00:34]} c5 {[%emt 0:04:09]} 2. g3 {[%emt 0:00:29]} g6 {[%emt 0:00:42]} 3. Bg2 {[%emt 0:00:07]} Bg7 {[%emt 0:00:04]} 4. Nc3 {[%emt 0:00:08]} Nc6 {[%emt 0:00:19]} 5. Nf3 {[%emt 0:00:09]} d6 {[%emt 0:00:07]} 6. O-O {[%emt 0:00:09]} e6 {[%emt 0:00:05]} 7. e3 {[%emt 0:00:18]} Nge7 {[%emt 0:00:05]} 8. d4 {[%emt 0:00:08]} O-O {[%emt 0:00:07]} 9. Re1 {[%emt 0:00:18] now scores much better than the old 9.b3.} Rb8 {[%emt 0:10:29]} 10. Rb1 {[%emt 0:03:10]} b6 {[%emt 0:07:52]} 11. b3 {[%emt 0:03:24]} Bb7 {[%emt 0:00:33]} 12. Bb2 {[%emt 0:07:02]} cxd4 {[%emt 0:00:20]} 13. exd4 {[%emt 0:01:08]} d5 {[%emt 0:00:16] [#]} 14. Ba3 $146 {[%emt 0:04:42]} ({Predecessor:} 14. cxd5 Nxd5 15. Nxd5 Qxd5 16. Ne5 Qd6 17. Nc4 Qd7 18. d5 exd5 19. Bxg7 Kxg7 20. Qxd5 Qxd5 21. Bxd5 {½-½ (60) Baasansuren,E (2229)-Hossain,E (2402) Tornelo INT 2021}) 14... dxc4 {[%emt 0:10:52]} 15. bxc4 {[%emt 0:00:11]} Na5 {[%emt 0:00:06]} 16. Nd5 {[%emt 0:02:29]} Nxd5 {[%emt 0:09:31]} 17. cxd5 {[%emt 0:00:26]} Re8 {[%emt 0:04:18]} 18. dxe6 {[%emt 0:01:45]} fxe6 {[%emt 0:02:43]} 19. Qe2 {[%emt 0:05:46]} Rc8 {[%emt 0:08:00]} 20. Rbd1 {[%emt 0:09:02]} Bd5 {[%emt 0:03:46]} 21. Ne5 {[%emt 0:17:52]} Bxg2 {[%emt 0:06:48]} 22. Kxg2 {[%emt 0:00:15]} Qd5+ {[%emt 0:00:03]} 23. Qf3 {[%emt 0:14:34]} Qxf3+ {[%emt 0:16:49]} 24. Nxf3 {[%emt 0:01:04]} Nc4 $11 {[%emt 0:01:11]} 25. Bc1 {[%emt 0:00:54]} h6 {[%emt 0:00:00]} 26. h4 {[%emt 0:01:34]} b5 {[%emt 0:00:21]} 27. d5 {[%emt 0:03:41]} e5 {[%emt 0:00:05]} 28. Nd2 {[%emt 0:02:00]} Nxd2 {[%emt 0:00:47]} 29. Rxd2 {[%emt 0:03:19]} e4 {[%emt 0:00:45]} 30. d6 {[%emt 0:05:20]} Red8 {[%emt 0:00:01]} 31. Rd5 {[%emt 0:01:53]} Rc4 {[%emt 0:02:52]} 32. Rxb5 {[%emt 0:02:07]} Rxd6 {[%emt 0:00:02]} 33. Rb8+ {[%emt 0:00:10]} Kh7 {[%emt 0:00:12]} 34. Rb7 {[%emt 0:00:12]} Kg8 {[%emt 0:05:13]} 35. Rxa7 {[%emt 0:00:56]} Bd4 {[%emt 0:03:46]} 36. Ra8+ {[%emt 0:02:17]} Kh7 {[%emt 0:00:49]} 37. Bf4 {[%emt 0:00:35]} Re6 {[%emt 0:00:26]} 38. Re2 {[%emt 0:02:31]} Rc3 {[%emt 0:01:33]} 39. Rd8 {[%emt 0:01:53]} Bg7 {[%emt 0:02:44]} 40. Rd7 {[%emt 0:00:00]} Kg8 {[%emt 0:00:00]} 41. Red2 Rc8 {[%emt 0:02:27]} 42. Ra7 {[%emt 0:09:07]} Bf8 {[%emt 0:00:44]} 43. a4 {[%emt 0:03:52]} Bc5 {[%emt 0:00:23]} 44. Rc2 {[%emt 0:01:45]} Rec6 {[%emt 0:02:55]} 45. Rb7 {[%emt 0:00:27]} Bf8 {[%emt 0:01:52]} 46. Rxc6 {[%emt 0:00:46]} Rxc6 {[%emt 0:00:02]} 47. a5 {[%emt 0:00:58]} Ra6 {[%emt 0:00:28]} 48. Bd2 {[%emt 0:01:47]} Bc5 {[%emt 0:00:34]} 49. Rb5 {[%emt 0:00:48]} Ba7 {[%emt 0:00:33]} 50. Bxh6 {[%emt 0:00:24]} Rc6 {[%emt 0:00:32]} 51. Be3 {[%emt 0:01:48]} Bxe3 {[%emt 0:00:04]} 52. fxe3 {[%emt 0:00:09]} Rc2+ {[%emt 0:00:01]} 53. Kh3 {[%emt 0:00:27]} Rc3 {[%emt 0:01:05]} 54. a6 {[%emt 0:01:39]} Ra3 {[%emt 0:00:01]} 55. Rb6 {[%emt 0:00:49]} Kf7 {[%emt 0:00:01]} 56. Rb7+ {[%emt 0:00:07]} Kf6 {[%emt 0:00:02]} 57. a7 {[%emt 0:00:22]} Kf5 {[%emt 0:00:00]} 58. Rc7 {[%emt 0:00:50]} Ra1 {[%emt 0:00:06]} 59. g4+ {[%emt 0:00:20]} Ke5 {[%emt 0:00:01]} 60. h5 {[%emt 0:00:49]} gxh5 {[%emt 0:00:05]} 61. gxh5 {[%emt 0:00:29]} Kf5 {[%emt 0:00:33]} 62. h6 {[%emt 0:00:13]} Ra3 {[%emt 0:00:17]} 63. h7 {[%emt 0:00:29]} 1-0

[Event "Vezerkepzo GM October 2021"]
[Site "Budapest"]
[Date "2021.10.15"]
[Round "2.3"]
[White "Ansat, Aldiyar"]
[Black "Sheng, Joshua"]
[Result "0-1"]
[WhiteElo "2408"]
[BlackElo "2464"]
[Annotator "ChessBase"]
[PlyCount "96"]
[EventDate "2021.10.14"]
[EventCountry "HUN"]
[SourceTitle "playchess.com"]
[Source "ChessBase"]
[SourceQuality "1"]
[TimeControl "40/5400+30:1800+30"]

1. e4 {[%emt 0:05:32]} c5 {[%emt 0:00:36]} 2. Nf3 {[%emt 0:00:06]} d6 {[%emt 0:00:02]} 3. d4 {[%emt 0:00:07]} cxd4 {[%emt 0:00:02]} 4. Nxd4 {[%emt 0:00:05]} Nf6 {[%emt 0:00:03]} 5. Nc3 {[%emt 0:00:05]} a6 {[%emt 0:00:01]} 6. f3 {[%emt 0:00:07]} e5 {[%emt 0:00:03]} 7. Nb3 {[%emt 0:00:05]} Be6 {[%emt 0:00:02]} 8. Be3 {[%emt 0:00:07]} h5 {[%emt 0:00:07]} 9. Qd2 {[%emt 0:00:04]} Nbd7 {[%emt 0:00:04]} 10. Nd5 {[%emt 0:00:07]} Bxd5 {[%emt 0:00:02]} 11. exd5 {[%emt 0:00:05]} g6 {[%emt 0:00:03]} 12. O-O-O {[%emt 0:00:32]} Nb6 {[%emt 0:00:43]} 13. Kb1 {[%emt 0:01:06]} Nfxd5 {[%emt 0:00:13]} 14. Bg5 {[%emt 0:00:31]} Be7 {[%emt 0:00:07]} 15. Bxe7 {[%emt 0:00:34]} Qxe7 {[%emt 0:00:04]} 16. c4 {[%emt 0:01:08]} Nf6 {[%emt 0:01:27]} 17. Qxd6 {[%emt 0:00:07]} Qxd6 {[%emt 0:02:32]} 18. Rxd6 {[%emt 0:00:09]} Nbd7 {[%emt 0:01:26]} 19. Be2 {[%emt 0:00:11]} Ke7 {[%emt 0:00:58]} 20. Rhd1 {[%emt 0:00:07]} a5 {[%emt 0:00:32]} 21. a4 {[%emt 0:36:32]} Rhc8 {[%emt 0:04:23]} 22. g4 {[%emt 0:07:44]} hxg4 {[%emt 0:05:02]} 23. fxg4 {[%emt 0:00:02]} Rc7 {[%emt 0:01:01]} 24. h4 {[%emt 0:21:08]} Rh8 {[%emt 0:04:09]} 25. h5 {[%emt 0:11:53]} gxh5 {[%emt 0:00:09]} 26. gxh5 {[%emt 0:00:52]} Nxh5 {[%emt 0:10:28]} 27. Nxa5 {[%emt 0:09:13]} Ng3 {[%emt 0:01:42]} 28. R6d2 {[%emt 0:03:47]} Nc5 {[%emt 0:05:17]} 29. Bf3 {[%emt 0:00:53]} e4 {[%emt 0:00:17]} 30. b4 {[%emt 0:01:53]} Nxa4 {[%emt 0:00:31]} 31. Rg1 {[%emt 0:00:21]} exf3 {[%emt 0:00:35]} 32. Rxg3 {[%emt 0:00:05]} Nc3+ {[%emt 0:00:01]} 33. Kc2 {[%emt 0:00:32]} Ne4 {[%emt 0:00:03]} 34. Rxf3 {[%emt 0:00:07]} Nxd2 {[%emt 0:00:03]} 35. Re3+ {[%emt 0:00:27]} Kf8 {[%emt 0:00:05]} 36. Kxd2 {[%emt 0:00:10]} b6 {[%emt 0:00:05]} 37. Nb3 {[%emt 0:00:46]} Rxc4 {[%emt 0:00:03]} 38. Kd3 {[%emt 0:00:51]} Rxb4 {[%emt 0:00:17]} 39. Kc3 {[%emt 0:00:05]} Rbh4 {[%emt 0:00:26]} 40. Re1 {[%emt 0:00:00]} R8h5 {[%emt 0:00:00]} 41. Nd2 {[%emt 0:00:57]} Rc5+ {[%emt 0:00:37]} 42. Kb3 {[%emt 0:00:08]} Rd4 {[%emt 0:00:17]} 43. Re2 {[%emt 0:00:11]} f5 {[%emt 0:00:28]} 44. Rf2 {[%emt 0:00:05]} Ke7 {[%emt 0:00:29]} 45. Rh2 {[%emt 0:00:19]} Kf6 {[%emt 0:00:45]} 46. Rh6+ {[%emt 0:00:21]} Kg5 {[%emt 0:00:41]} 47. Rh2 {[%emt 0:00:08]} Rd3+ {[%emt 0:00:03]} 48. Kb4 {[%emt 0:00:08]} Kg4 {[%emt 0:01:08]} 0-1

[Event "Vezerkepzo GM October 2021"]
[Site "Budapest"]
[Date "2021.10.15"]
[Round "2.4"]
[White "Fogarasi, Tibor"]
[Black "Mahitosh Dey"]
[Result "1-0"]
[WhiteElo "2333"]
[BlackElo "2229"]
[Annotator "NA"]
[PlyCount "63"]
[EventDate "2021.10.14"]
[EventCountry "HUN"]
[SourceTitle "playchess.com"]
[Source "ChessBase"]
[SourceQuality "1"]
[TimeControl "40/5400+30:1800+30"]

1. e4 {[%emt 0:00:35]} e5 {[%emt 0:00:34]} 2. Nf3 {[%emt 0:00:12]} Nc6 {[%emt 0:00:04]} 3. Bb5 {[%emt 0:00:17]} a6 {[%emt 0:00:03]} 4. Ba4 {[%emt 0:00:13]} Nf6 {[%emt 0:00:02]} 5. d3 {[%emt 0:00:33]} Bc5 {[%emt 0:01:00]} 6. Bg5 {[%emt 0:00:59]} b5 {[%emt 0:02:23]} 7. Bb3 {[%emt 0:00:11]} h6 {[%emt 0:00:06]} 8. Bh4 {[%emt 0:01:01]} g5 {[%emt 0:00:06]} 9. Bg3 {[%emt 0:01:33]} d6 {[%emt 0:00:05]} 10. c3 {[%emt 0:00:44]} Bb6 {[%emt 0:00:50]} 11. a4 {[%emt 0:03:19]} b4 {[%emt 0:02:50]} 12. Nbd2 {[%emt 0:01:13]} a5 {[%emt 0:00:28]} 13. Nc4 {[%emt 0:02:10]} Ba7 {[%emt 0:02:28]} 14. Ne3 {[%emt 0:00:57]} Be6 {[%emt 0:00:27]} 15. O-O {[%emt 0:11:09]} O-O {[%emt 0:00:53]} 16. Nd5 {[%emt 0:12:26]} bxc3 {[%emt 0:08:25]} 17. bxc3 {[%emt 0:06:05]} Bxd5 {[%emt 0:00:06]} 18. exd5 {[%emt 0:00:54]} Ne7 {[%emt 0:00:06]} 19. d4 {[%emt 0:00:30]} e4 {[%emt 0:03:05]} 20. Nd2 {[%emt 0:00:27]} Nexd5 {[%emt 0:05:45]} 21. Qc2 {[%emt 0:01:06]} Kg7 {[%emt 0:03:06]} 22. Nxe4 {[%emt 0:02:14]} Nxe4 {[%emt 0:00:06]} 23. Bxd5 {[%emt 0:12:14]} f5 {[%emt 0:06:18]} 24. Bxa8 {[%emt 0:10:31]} Qxa8 {[%emt 0:00:05]} 25. f3 {[%emt 0:00:55]} Nxg3 {[%emt 0:00:06]} 26. hxg3 {[%emt 0:00:07]} c5 {[%emt 0:00:03]} 27. Rad1 {[%emt 0:01:44]} Qe8 {[%emt 0:00:53]} 28. Rfe1 {[%emt 0:02:18]} cxd4 {[%emt 0:00:09]} 29. cxd4 {[%emt 0:00:51]} Qf7 {[%emt 0:03:59]} 30. Qc6 {[%emt 0:01:10]} Qf6 {[%emt 0:00:05]} 31. Qd5 {[%emt 0:00:44]} Rb8 {[%emt 0:00:44]} 32. Re6 1-0